[Event "C.to Italiano U14"]
[Site "Courmayeur ITA"]
[Date "2009.06.29"]
[Round "1"]
[White "Saroldi, Giacomo"]
[Black "Bellani, Cristiano"]
[Result "1-0"]
[WhiteElo "1479"]
[BlackElo "1389"]
[PlyCount "73"]
[EventDate "2009.06.29"]

1. e4 e5 2. Nf3 d6 3. d3 Nf6 4. Nc3 Nc6 5. Bg5 Be7 6. h3 Be6 7. Bxf6 Bxf6 8.
Nd5 Nd4 9. Nxd4 Bxd5 10. exd5 exd4 11. Qg4 Qe7+ 12. Qe4 O-O 13. O-O-O Bg5+ 14.
Kb1 Qxe4 15. dxe4 Bf6 16. Bd3 Rfb8 17. f4 b5 18. h4 a5 19. g4 b4 20. g5 Be7 21.
h5 a4 22. g6 b3 23. gxh7+ Kxh7 24. e5+ Kg8 25. a3 Ra7 26. h6 Rab7 27. hxg7
bxc2+ 28. Bxc2 Rxb2+ 29. Ka1 dxe5 30. Rdg1 f5 31. Rh8+ Kf7 32. g8=Q+ Rxg8 33.
Rhxg8 Rxc2 34. R8g7+ Kf8 35. Rg8+ Kf7 36. R1g7+ Kf6 37. fxe5+ 1-0

[Event "C.to Italiano U14"]
[Site "Courmayeur ITA"]
[Date "2009.06.30"]
[Round "2"]
[White "Cretti, Marco"]
[Black "D'Urbino, Ilan"]
[Result "0-1"]
[WhiteElo "1389"]
[BlackElo "1682"]
[PlyCount "68"]
[EventDate "2009.06.29"]

1. e4 c5 2. Nf3 Nc6 3. c3 Nf6 4. d3 d6 5. Be3 e6 6. Nbd2 Be7 7. d4 Ng4 8. Bf4
cxd4 9. Nxd4 e5 10. Nxc6 bxc6 11. Bg3 f5 12. Be2 Nf6 13. exf5 Bxf5 14. Qb3 Rb8
15. Qa4 Qc7 16. b4 O-O 17. Bh4 Be6 18. Bxf6 Rxf6 19. O-O d5 20. Rae1 e4 21. f3
e3 22. Nb3 Rh6 23. g3 Bh3 24. Bd3 Bxf1 25. Bxf1 Qb6 26. Re2 Rf8 27. Bg2 Bd6 28.
Qa5 Qb8 29. Rxe3 Bc7 30. Qa3 Rg6 31. f4 Bxf4 32. gxf4 Qxf4 33. Rg3 Qf2+ 34. Kh1
Qe1+ 0-1

[Event "C.to Italiano U14"]
[Site "Courmayeur ITA"]
[Date "2009.06.30"]
[Round "2"]
[White "De Filomeno, Simone"]
[Black "Milletari', Ruggero"]
[Result "1-0"]
[WhiteElo "2229"]
[BlackElo "1578"]
[PlyCount "43"]
[EventDate "2009.06.29"]

1. e4 e6 2. d4 d5 3. Nc3 Bb4 4. e5 c5 5. dxc5 Bxc5 6. Qg4 g6 7. Nf3 Nc6 8. Bd3
Nge7 9. O-O a6 10. Bg5 O-O 11. Bf6 Qd7 12. Qg5 Re8 13. Qh6 Nf5 14. Bxf5 Bf8 15.
Qh4 exf5 16. Rad1 b5 17. Nxd5 Qb7 18. Bg5 Bg7 19. Nf6+ Kh8 20. Nxh7 Kg8 21.
Nf6+ Kf8 22. Qh7 1-0

[Event "C.to Italiano U14"]
[Site "Courmayeur ITA"]
[Date "2009.06.30"]
[Round "2"]
[White "Ortu, Andrea"]
[Black "Altini, Nicola"]
[Result "0-1"]
[WhiteElo "1560"]
[BlackElo "2068"]
[PlyCount "84"]
[EventDate "2009.06.29"]

1. e4 c5 2. d4 cxd4 3. c3 dxc3 4. Nxc3 e6 5. a3 Nc6 6. Nf3 d6 7. Bb5 Nf6 8. O-O
Be7 9. e5 dxe5 10. Qxd8+ Bxd8 11. Bxc6+ bxc6 12. Nxe5 Bd7 13. Rd1 Nd5 14. Ne4
Bc7 15. Nxd7 Kxd7 16. Nc5+ Ke7 17. b4 Bd6 18. Nb7 Be5 19. Rb1 Nc3 20. Be3 Nxb1
21. Bc5+ Kf6 22. Rxb1 Bc7 23. Rb3 Rab8 24. Rf3+ Ke5 25. Re3+ Kd5 26. Rd3+ Kc4
27. Rd4+ Kc3 28. Nd6 Bxd6 29. Rxd6 Rhd8 30. f3 Rxd6 31. Bxd6 Rd8 32. Bc5 Rd2
33. a4 Kb3 34. a5 Ka4 35. Bxa7 Kxb4 36. Bb6 Kb5 37. Kf1 c5 38. h3 c4 39. g4 c3
40. Ke1 Rh2 41. Kd1 Kc4 42. a6 Kd3 0-1

[Event "C.to Italiano U14"]
[Site "Courmayeur ITA"]
[Date "2009.06.30"]
[Round "3"]
[White "Altini, Nicola"]
[Black "Dionigi, Riccardo"]
[Result "1-0"]
[WhiteElo "2068"]
[BlackElo "1831"]
[PlyCount "43"]
[EventDate "2009.06.29"]

1. Nf3 d5 2. d4 Nf6 3. e3 c6 4. Bd3 Bg4 5. b3 e6 6. Bb2 Bd6 7. Nbd2 Nbd7 8. c4
O-O 9. Qc2 Re8 10. Ne5 Bh5 11. O-O dxc4 12. Ndxc4 Be7 13. f4 Nf8 14. Qd2 c5 15.
Rac1 cxd4 16. Bxd4 Nd5 17. a3 b5 18. Nc6 Qd7 19. N4e5 Qb7 20. Na5 Qa6 21. Rc6
Nb6 22. a4 1-0

[Event "C.to Italiano U14"]
[Site "Courmayeur ITA"]
[Date "2009.06.30"]
[Round "3"]
[White "D'Urbino, Ilan"]
[Black "Manzone, Enrico"]
[Result "1-0"]
[WhiteElo "1682"]
[BlackElo "1497"]
[PlyCount "57"]
[EventDate "2009.06.29"]

1. e4 e5 2. f4 d6 3. Bc4 Nf6 4. Nc3 Nc6 5. Nf3 Bg4 6. O-O Qd7 7. d3 O-O-O 8.
Be3 Re8 9. Rb1 g6 10. b4 Bh6 11. Ne2 Nh5 12. Qc1 Rhf8 13. c3 Bxf3 14. Rxf3 Qg4
15. b5 Ne7 16. fxe5 Bxe3+ 17. Qxe3 b6 18. exd6 cxd6 19. h3 Qd7 20. Rbf1 f5 21.
Nd4 d5 22. exd5 Nxd5 23. Qc1 Nhf4 24. Rxf4 Nxf4 25. Qxf4 Qe7 26. Be6+ Kb7 27.
Qf3+ Kc7 28. Qc6+ Kd8 29. Qc8# 1-0

[Event "C.to Italiano U14"]
[Site "Courmayeur ITA"]
[Date "2009.06.30"]
[Round "3"]
[White "Valbusa, Lorenzo"]
[Black "De Filomeno, Simone"]
[Result "1-0"]
[WhiteElo "1772"]
[BlackElo "2229"]
[PlyCount "65"]
[EventDate "2009.06.29"]

1. e4 c5 2. Nf3 Nc6 3. d4 cxd4 4. Nxd4 Nf6 5. Nc3 g6 6. Be3 Bg7 7. Bc4 O-O 8.
Bb3 a5 9. f3 d5 10. exd5 Nb4 11. Ndb5 a4 12. Bc4 Bf5 13. Nd4 Qc8 14. Nxf5 Qxf5
15. Rc1 Rfd8 16. O-O Nfxd5 17. Nxd5 Nxd5 18. Bxd5 Rxd5 19. Qe2 Bxb2 20. Rb1 a3
21. Bc1 Bd4+ 22. Kh1 Qd7 23. c4 Rda5 24. Qe4 e5 25. Rxb7 Qc8 26. Bh6 Qxc4 27.
Rfb1 Rc8 28. Rb8 Qc7 29. Rxc8+ Qxc8 30. Rc1 Qd8 31. f4 Bb2 32. Qd3 Rd5 33. Qxd5
1-0

[Event "C.to Italiano U14"]
[Site "Courmayeur ITA"]
[Date "2009.07.02"]
[Round "4"]
[White "Marsili, Riccardo"]
[Black "Altini, Nicola"]
[Result "0-1"]
[WhiteElo "1874"]
[BlackElo "2068"]
[PlyCount "54"]
[EventDate "2009.06.29"]

1. e4 c5 2. Nf3 e6 3. d4 cxd4 4. Nxd4 a6 5. Nc3 Qc7 6. f3 Nf6 7. Be3 Bb4 8.
Nde2 d5 9. a3 Bd6 10. exd5 O-O 11. Qd2 Nxd5 12. Nxd5 exd5 13. O-O-O Be6 14. Nc3
Rc8 15. Bd3 Nc6 16. Qf2 Ne5 17. Bd4 b5 18. Qh4 Nxd3+ 19. Rxd3 a5 20. Qf2 Qc6
21. f4 Bf5 22. Rd2 b4 23. axb4 axb4 24. Nb1 b3 25. Qg3 g6 26. Qh4 bxc2 27. Na3
Rxa3 0-1

[Event "C.to Italiano U14"]
[Site "Courmayeur ITA"]
[Date "2009.07.02"]
[Round "4"]
[White "Paltrinieri, Nicholas"]
[Black "Fagnani, Alessandro"]
[Result "1-0"]
[WhiteElo "1963"]
[BlackElo "1846"]
[PlyCount "29"]
[EventDate "2009.06.29"]

1. f4 e5 2. fxe5 d6 3. exd6 Bxd6 4. Nf3 Bg4 5. e4 Nc6 6. d3 Nd4 7. Be3 Bxf3 8.
gxf3 Bc5 9. Bf2 Qf6 10. Bg2 Qb6 11. c3 Qxb2 12. cxd4 Bb4+ 13. Nd2 Bxd2+ 14.
Qxd2 Qxa1+ 15. Ke2 1-0

[Event "C.to Italiano U14"]
[Site "Courmayeur ITA"]
[Date "2009.07.02"]
[Round "5"]
[White "Altini, Nicola"]
[Black "Boraso, Alessio"]
[Result "1-0"]
[WhiteElo "2068"]
[BlackElo "1882"]
[PlyCount "39"]
[EventDate "2009.06.29"]

1. Nf3 g6 2. d4 Bg7 3. e4 d6 4. c3 Nf6 5. Bd3 Nbd7 6. O-O O-O 7. a4 e5 8. Na3
Nh5 9. Nc4 Nf4 10. Bc2 g5 11. g3 Nh3+ 12. Kg2 g4 13. Nh4 h5 14. Nf5 Qf6 15. f3
d5 16. fxg4 Qa6 17. Nxe5 Nxe5 18. dxe5 dxe4 19. Kxh3 hxg4+ 20. Kg2 1-0

[Event "C.to Italiano U14"]
[Site "Courmayeur ITA"]
[Date "2009.07.02"]
[Round "5"]
[White "De Bortoli, Thomas"]
[Black "Paltrinieri, Nicholas"]
[Result "0-1"]
[WhiteElo "1883"]
[BlackElo "1963"]
[PlyCount "82"]
[EventDate "2009.06.29"]

1. e4 d5 2. exd5 Qxd5 3. Nc3 Qd8 4. d4 c6 5. Nf3 Nf6 6. h3 Bf5 7. Be3 e6 8. Bd3
Bxd3 9. Qxd3 Bd6 10. O-O Nbd7 11. Rfe1 Qc7 12. Nd2 h6 13. Nce4 Be7 14. c4 O-O-O
15. a3 g5 16. g3 Nh5 17. Qe2 Nf4 18. Qf1 f5 19. Nc3 Ng6 20. f4 Rhg8 21. Kh1
gxf4 22. Bxf4 Nxf4 23. gxf4 Nf8 24. Ne2 Ng6 25. c5 Bxc5 26. Nf3 Bd6 27. Ne5
Bxe5 28. fxe5 Kb8 29. Rac1 Qd7 30. Rc3 Nh4 31. Nf4 b6 32. Qf2 Qe7 33. Rxc6 Qb7
34. d5 Rxd5 35. Rec1 Rc5 36. R1xc5 bxc5 37. Qxh4 Qxc6+ 38. Kh2 Qf3 39. b4 cxb4
40. axb4 Rg5 41. b5 Qf2+ 0-1

[Event "C.to Italiano U14"]
[Site "Courmayeur ITA"]
[Date "2009.07.03"]
[Round "6"]
[White "Paltrinieri, Nicholas"]
[Black "Altini, Nicola"]
[Result "1-0"]
[WhiteElo "1963"]
[BlackElo "2068"]
[PlyCount "80"]
[EventDate "2009.06.29"]

1. f4 Nf6 2. Nf3 c5 3. d3 d5 4. g3 Nc6 5. Bg2 g6 6. O-O Bg7 7. c3 O-O 8. Na3
Rb8 9. Qe1 b5 10. Bd2 b4 11. Nc2 a5 12. b3 bxc3 13. Bxc3 d4 14. Bd2 Nd5 15. Rc1
Ncb4 16. Nxb4 cxb4 17. e4 dxe3 18. Bxe3 Nc3 19. Bc5 Bb7 20. Qe3 Bxf3 21. Bxf3
Rb5 22. Kh1 Qc7 23. Bd4 Bxd4 24. Qxd4 Rd8 25. Qe3 Qd6 26. Rf2 e5 27. fxe5 Qxe5
28. Qa7 Qc5 29. Qxc5 Rxc5 30. Rd2 Ne4 31. Rxc5 Nxc5 32. d4 Ne6 33. d5 Kf8 34.
Kg1 Rd6 35. Kf2 Nc7 36. Rc2 Nb5 37. Rc5 Nc3 38. Rxa5 Ke7 39. Ke3 Rb6 40. Kd4
Kd6 1-0

[Event "C.to Italiano U14"]
[Site "Courmayeur ITA"]
[Date "2009.07.03"]
[Round "6"]
[White "Sorbera, Giovanni"]
[Black "Varvaglione, Antonio"]
[Result "1-0"]
[WhiteElo "1898"]
[BlackElo "1635"]
[PlyCount "97"]
[EventDate "2009.06.29"]

1. e4 c5 2. Nf3 d6 3. c3 Bg4 4. Be2 Nc6 5. d4 cxd4 6. cxd4 g6 7. d5 Bxf3 8.
Bxf3 Ne5 9. Be2 Bg7 10. Nc3 Nf6 11. f4 Ned7 12. O-O O-O 13. Bf3 Rc8 14. Qe2 a6
15. Be3 Nb6 16. Rac1 Nc4 17. Bf2 Qc7 18. b3 Na5 19. Qd2 b5 20. Nxb5 Qd7 21.
Nxd6 Nxb3 22. axb3 exd6 23. Qa5 Rxc1 24. Rxc1 Rc8 25. Rc4 Qb7 26. Rxc8+ Qxc8
27. Qd2 Ne8 28. h3 Qb7 29. Qc2 a5 30. Qc6 Qxc6 31. dxc6 Kf8 32. Bb6 Ke7 33.
Bxa5 Bd4+ 34. Kf1 Ke6 35. Be2 f5 36. exf5+ Kxf5 37. c7 Nxc7 38. Bxc7 Bc5 39.
Ba5 Kxf4 40. b4 Ba7 41. b5 d5 42. Bc7+ Ke3 43. b6 Bxb6 44. Bxb6+ d4 45. Bc4 g5
46. Bd8 h6 47. Bf6 d3 48. Bg7 d2 49. Be2 1-0

[Event "C.to Italiano U14"]
[Site "Courmayeur ITA"]
[Date "2009.07.03"]
[Round "7"]
[White "Altini, Nicola"]
[Black "Boscolo, Federico"]
[Result "0-1"]
[WhiteElo "2068"]
[BlackElo "1949"]
[PlyCount "94"]
[EventDate "2009.06.29"]

1. Nf3 Nf6 2. d4 g6 3. c3 Bg7 4. Bf4 O-O 5. Nbd2 d5 6. e3 Nbd7 7. Bd3 b6 8. Ne5
Nxe5 9. Bxe5 Bb7 10. a4 Nd7 11. Bxg7 Kxg7 12. f4 f6 13. O-O e5 14. f5 e4 15.
Be2 c5 16. Nb3 Rc8 17. Qe1 g5 18. Qg3 Qe7 19. h4 h6 20. Kf2 c4 21. Nd2 Nb8 22.
Bh5 Qd7 23. Qh3 Nc6 24. Rh1 Ne7 25. g4 Rh8 26. Rh2 a5 27. Qg3 Bc6 28. Rah1 Rcf8
29. hxg5 fxg5 30. Qe5+ Rf6 31. Ke2 Bxa4 32. Nf1 Nc6 33. Qg3 Qd6 34. Qe1 Ne7 35.
Ng3 Rff8 36. Bg6 Nxg6 37. fxg6 Bd7 38. Nh5+ Kxg6 39. Qg1 a4 40. Qg2 a3 41. Qh3
Rf3 42. Nf4+ Kg7 43. Qh5 Rxe3+ 44. Kd1 Qxf4 45. Qxh6+ Rxh6 46. Rxh6 Rd3+ 47.
Ke1 Qd2+ 0-1

[Event "C.to Italiano U14"]
[Site "Courmayeur ITA"]
[Date "2009.07.03"]
[Round "7"]
[White "Simonetto, Adriano"]
[Black "Brizzi, Matteo"]
[Result "0-1"]
[WhiteElo "1455"]
[BlackElo "1554"]
[PlyCount "102"]
[EventDate "2009.06.29"]

1. e4 e5 2. Nf3 Nf6 3. Nxe5 d6 4. Nf3 Nxe4 5. Qe2 Qe7 6. d3 Nf6 7. Qxe7+ Bxe7
8. Be3 Bg4 9. Nbd2 Nc6 10. h3 Bd7 11. g3 Nd5 12. a3 Nxe3 13. fxe3 Bf6 14. O-O-O
O-O 15. Bg2 Ne5 16. Ne4 Bc6 17. Nxf6+ gxf6 18. e4 f5 19. Nxe5 dxe5 20. Rhf1
fxe4 21. Bxe4 Bxe4 22. dxe4 Rad8 23. Rd5 Rxd5 24. exd5 f5 25. c4 h5 26. h4 Kg7
27. Kd2 Kf6 28. b4 Rd8 29. Rd1 c6 30. Ke3 cxd5 31. cxd5 Rg8 32. Kf3 e4+ 33. Kf2
Rd8 34. Ke3 Ke5 35. Rc1 Rxd5 36. Rc7 Rd3+ 37. Ke2 Rxg3 38. Rxb7 Rxa3 39. Re7+
Kf4 40. Rh7 Ra2+ 41. Kd1 Kg4 42. Rg7+ Kxh4 43. Ke1 f4 44. Kf1 e3 45. Kg1 f3 46.
Rg6 Ra1+ 47. Kh2 f2 48. Rf6 e2 49. Rxf2 e1=Q 50. Rf4+ Kg5 51. Rf7 Ra2+ 0-1

[Event "C.to Italiano U14"]
[Site "Courmayeur ITA"]
[Date "2009.07.03"]
[Round "7"]
[White "Sorbera, Giovanni"]
[Black "Paltrinieri, Nicholas"]
[Result "0-1"]
[WhiteElo "1898"]
[BlackElo "1963"]
[PlyCount "98"]
[EventDate "2009.06.29"]

1. e4 d5 2. exd5 Nf6 3. d4 Nxd5 4. Nf3 g6 5. c4 Nb6 6. h3 Bg7 7. Nc3 O-O 8. Be2
Nc6 9. d5 Ne5 10. Nxe5 Bxe5 11. Bh6 Re8 12. O-O e6 13. Qb3 exd5 14. cxd5 Qh4
15. Be3 Bxh3 16. f4 Bxc3 17. Bf2 Qxf4 18. Qxc3 Rxe2 19. Qxh3 Nxd5 20. Qd3 Qe4
21. Qg3 Re8 22. Rad1 Ne3 23. Bxe3 Qxe3+ 24. Qxe3 R8xe3 25. Rc1 Re7 26. Rb1 Rd7
27. Rfc1 Rdd2 28. Rxc7 Rxg2+ 29. Kh1 Rh2+ 30. Kg1 Rdg2+ 31. Kf1 Rxb2 32. Rxb2
Rxb2 33. a4 h5 34. a5 Kg7 35. Rd7 g5 36. Rc7 h4 37. a6 bxa6 38. Rxa7 Ra2 39.
Rc7 Kg6 40. Kg1 f5 41. Kh1 f4 42. Rc1 Kf5 43. Kg1 h3 44. Kh1 Kg4 45. Kg1 Kg3
46. Kh1 f3 47. Rg1+ Rg2 48. Rf1 f2 49. Ra1 Rh2# 0-1

[Event "C.to Italiano U14"]
[Site "Courmayeur ITA"]
[Date "2009.07.04"]
[Round "8"]
[White "Boscolo, Federico"]
[Black "Paltrinieri, Nicholas"]
[Result "1-0"]
[WhiteElo "1949"]
[BlackElo "1963"]
[PlyCount "51"]
[EventDate "2009.06.29"]

1. e4 d5 2. exd5 Qxd5 3. Nc3 Qd6 4. Nf3 Nf6 5. Bd3 c6 6. h3 Nbd7 7. O-O Nc5 8.
Bc4 Bf5 9. d4 Ncd7 10. Qe2 e6 11. Rd1 Be7 12. Ne5 Qc7 13. Bf4 Bd6 14. Bg3 O-O
15. Bd3 Bxd3 16. Rxd3 Rad8 17. Rad1 Nb6 18. Ne4 Nbd5 19. Nxd6 Qxd6 20. Nxf7 Qd7
21. Nxd8 Rxd8 22. c4 Ne7 23. Be5 Ng6 24. Rf3 Nh4 25. Rxf6 Nf5 26. Rxf5 1-0

[Event "C.to Italiano U14"]
[Site "Courmayeur ITA"]
[Date "2009.07.04"]
[Round "8"]
[White "De Filomeno, Simone"]
[Black "Sorbera, Giovanni"]
[Result "1-0"]
[WhiteElo "2229"]
[BlackElo "1898"]
[PlyCount "114"]
[EventDate "2009.06.29"]

1. e4 Nf6 2. e5 Nd5 3. d4 d6 4. Nf3 dxe5 5. Nxe5 c6 6. Be2 Bf5 7. O-O Nd7 8.
Nf3 e6 9. a3 Be7 10. c4 N5f6 11. Nc3 O-O 12. Be3 Qc7 13. b4 Rad8 14. Qb3 h6 15.
Rfd1 Ng4 16. g3 Nxe3 17. fxe3 a5 18. c5 axb4 19. axb4 Ra8 20. Rxa8 Rxa8 21. e4
Bg6 22. e5 b6 23. Bc4 Kh8 24. Rf1 Rb8 25. Qa3 bxc5 26. bxc5 Rb7 27. Ra1 Kh7 28.
Ne2 Qb8 29. Ra2 Rb1+ 30. Kg2 Kh8 31. Qa7 Rb7 32. Qa6 Be4 33. Nc3 Rb2+ 34. Be2
Bxf3+ 35. Kxf3 Rb3 36. Ra3 Qb4 37. Rxb3 Qxb3 38. Qa8+ Nf8 39. Qa5 Bg5 40. Ke4
Bd2 41. Kd3 Be1 42. Qa1 Bxc3 43. Qxc3 Qd5 44. Kd2 Ng6 45. Bf3 Qd7 46. Ke3 Ne7
47. Qb2 g6 48. Be4 Kg7 49. Qb8 Nd5+ 50. Kd3 Kh7 51. Qd6 Qc8 52. Bxd5 exd5 53.
Qf6 Qa6+ 54. Ke3 Qc8 55. Qxg6+ fxg6 56. e6 Kh8 57. e7 Qb8 1-0

[Event "C.to Italiano U14"]
[Site "Courmayeur ITA"]
[Date "2009.07.05"]
[Round "9"]
[White "Boscolo, Federico"]
[Black "Stella, Luca"]
[Result "1-0"]
[WhiteElo "1949"]
[BlackElo "1942"]
[PlyCount "105"]
[EventDate "2009.06.29"]

1. e4 c5 2. c3 e6 3. Nf3 d5 4. exd5 Qxd5 5. d4 Nc6 6. Na3 Nf6 7. Be2 Be7 8. O-O
O-O 9. Nc2 b6 10. Bf4 Bb7 11. Ne3 Qd7 12. Qc2 cxd4 13. Rfd1 Rac8 14. Nxd4 Nxd4
15. Rxd4 Qxd4 16. cxd4 Rxc2 17. Nxc2 Nd5 18. Bd2 Bf6 19. Bf3 Rc8 20. Rc1 Rc7
21. a3 Kf8 22. Bxd5 Bxd5 23. Bc3 Bb3 24. Na1 Ba4 25. Bb4+ Re7 26. Bxe7+ Kxe7
27. b3 Bd7 28. Rd1 Bc6 29. Nc2 Bd5 30. Rd3 Kd7 31. f3 Bb7 32. Kf2 Ba6 33. Rd2
Bg5 34. Ne3 Bb7 35. g3 Bd5 36. f4 Be7 37. Nxd5 exd5 38. a4 Bb4 39. Rc2 Bd6 40.
Ke3 Bb4 41. Kf3 Be7 42. g4 Bf6 43. g5 Be7 44. h4 Bb4 45. Kg4 Be7 46. Kf5 Bd6
47. Re2 Be7 48. Rxe7+ Kxe7 49. Ke5 Kd7 50. Kxd5 g6 51. Ke5 Ke7 52. d5 Ke8 53.
Ke4 1-0

[Event "C.to Italiano U14"]
[Site "Courmayeur ITA"]
[Date "2009.07.05"]
[Round "9"]
[White "Lorenzetti, Giacomo"]
[Black "Campomori, Dario"]
[Result "1-0"]
[WhiteElo "1455"]
[BlackElo "1422"]
[PlyCount "69"]
[EventDate "2009.06.29"]

1. e4 c5 2. Nc3 Nf6 3. g3 d6 4. Bg2 g6 5. d3 Bg7 6. h3 O-O 7. Be3 Be6 8. Qd2
Nc6 9. Nge2 c4 10. d4 Bd7 11. f4 a5 12. g4 Qc7 13. f5 Rfb8 14. Bf3 b5 15. h4 b4
16. Nd5 Nxd5 17. exd5 Nd8 18. h5 gxf5 19. gxf5 Bxf5 20. Rg1 e6 21. Bh6 Bg6 22.
hxg6 fxg6 23. dxe6 Ra7 24. Bxg7 Qxg7 25. Qe3 Re7 26. Bd5 Kh8 27. O-O-O Nf7 28.
Rdf1 a4 29. Qf3 Qh6+ 30. Kb1 Ng5 31. Qf6+ Rg7 32. e7 Re8 33. Qf8+ Rxf8 34.
Rxf8+ Rg8 35. Rxg8# 1-0

[Event "C.to Italiano U14"]
[Site "Courmayeur ITA"]
[Date "2009.07.05"]
[Round "9"]
[White "Paltrinieri, Nicholas"]
[Black "De Filomeno, Simone"]
[Result "1/2-1/2"]
[WhiteElo "1963"]
[BlackElo "2229"]
[PlyCount "246"]
[EventDate "2009.06.29"]

1. d4 Nf6 2. Bg5 c5 3. Nc3 Qb6 4. Bxf6 gxf6 5. Nd5 Qd8 6. e4 e6 7. Nc3 Qb6 8.
d5 Qxb2 9. Nge2 Na6 10. Rb1 Qa3 11. Qd2 Be7 12. Nf4 Bd8 13. Rb3 Qa5 14. Bb5 Nc7
15. d6 Nxb5 16. Rxb5 Qa3 17. Rb3 Qa6 18. Nh5 Rg8 19. Nb5 Rg6 20. O-O Qc6 21.
Nc3 Ba5 22. Nxf6+ Kf8 23. Nh5 c4 24. Rbb1 b6 25. Qd4 Bxc3 26. Qxc3 Qxd6 27.
Rbd1 Qc6 28. Qh8+ Ke7 29. Qxh7 Qxe4 30. Ng3 Qf4 31. Rfe1 Bb7 32. Qh4+ Qxh4 33.
Nf5+ Kd8 34. Nxh4 Rg4 35. g3 Kc7 36. h3 Rg5 37. Rd4 b5 38. Ng2 Bxg2 39. Kxg2 d5
40. h4 Rg7 41. g4 Kd6 42. Red1 Rh8 43. Kg3 Kc5 44. R4d2 b4 45. f4 a5 46. f5 a4
47. g5 b3 48. axb3 axb3 49. cxb3 cxb3 50. fxe6 fxe6 51. Rb2 Rgh7 52. Rh1 Kc4
53. Kg4 Kc3 54. Rhh2 Rxh4+ 55. Rxh4 Rxh4+ 56. Kxh4 Kxb2 57. g6 Kc3 58. g7 b2
59. g8=Q b1=Q 60. Qg7+ d4 61. Qc7+ Kd2 62. Qf4+ Kd3 63. Qf3+ Kc2 64. Qg2+ Kc3
65. Qc6+ Kb2 66. Qb5+ Kc2 67. Qc4+ Kd2 68. Qxd4+ Qd3 69. Qb4+ Ke3 70. Qe1+ Kf4
71. Qf2+ Qf3 72. Qd2+ Qe3 73. Qd6+ Qe5 74. Qd2+ Kf5 75. Qg5+ Ke4 76. Qg2+ Kd4
77. Qb2+ Kd5 78. Qb5+ Ke4 79. Qe2+ Kf5 80. Qh5+ Kf4 81. Qg4+ Ke3 82. Qg1+ Kd3
83. Qd1+ Kc4 84. Qa4+ Kc5 85. Qa5+ Kd6 86. Qd8+ Kc6 87. Qc8+ Kd5 88. Qb7+ Kc4
89. Qc6+ Kd4 90. Qb6+ Kc4 91. Qc6+ Kd3 92. Qa6+ Ke3 93. Qa3+ Ke4 94. Qa8+ Qd5
95. Qa6 Qd8+ 96. Kg4 Qg8+ 97. Kh4 Qh7+ 98. Kg4 Qg6+ 99. Kh4 Qf6+ 100. Kg4 Qf4+
101. Kh3 Qe3+ 102. Kh2 e5 103. Qc6+ Kf4 104. Qf6+ Kg4 105. Qg6+ Kf3 106. Qh5+
Kf2 107. Qh4+ Kf1 108. Qd8 e4 109. Qd1+ Qe1 110. Qd8 Qf2+ 111. Kh3 Qf3+ 112.
Kh4 e3 113. Qa5 e2 114. Qb5 Qf2+ 115. Kh3 Qg2+ 116. Kh4 Qe4+ 117. Kg3 Qe3+ 118.
Kh2 Qf3 119. Qg5 Qf2+ 120. Kh1 Qf3+ 121. Kh2 e1=Q 122. Qg1+ Ke2 123. Qf1+ Kxf1
1/2-1/2

[Event "C.to Italiano U14"]
[Site "Courmayeur ITA"]
[Date "2009.07.05"]
[Round "9"]
[White "Tardelli, Andrea"]
[Black "Siclari, Giovanni"]
[Result "1-0"]
[WhiteElo "1473"]
[BlackElo "1449"]
[PlyCount "77"]
[EventDate "2009.06.29"]

1. e4 e6 2. d4 d5 3. e5 c5 4. c3 Nc6 5. Nf3 Qb6 6. Bd3 Bd7 7. Ng5 h6 8. Qh5 g6
9. Bxg6 fxg6 10. Qxg6+ Ke7 11. Qf7+ Kd8 12. Qxf8+ Kc7 13. Nxe6+ Bxe6 14. Qd6+
Kc8 15. Qxe6+ Kd8 16. Qxd5+ Kc7 17. Qxc5 Qxc5 18. dxc5 Nge7 19. f4 Rhf8 20. O-O
Rad8 21. Na3 Nf5 22. Nb5+ Kc8 23. Nd6+ Nxd6 24. cxd6 Kd7 25. Re1 Rde8 26. Bd2
Na5 27. b3 a6 28. Kf2 Nc6 29. Re2 Nxe5 30. Kf1 Kxd6 31. c4 Nc6 32. Rxe8 Rxe8
33. Re1 Rd8 34. Be3 Rf8 35. Bd2 h5 36. b4 h4 37. b5 axb5 38. cxb5 Na7 39. Bb4+
1-0

[Event "C.to Italiano U14 femminile"]
[Site "Courmayeur ITA"]
[Date "2009.06.29"]
[Round "1"]
[White "Chiarion, Elisa"]
[Black "Rombaldoni, Sharon"]
[Result "1-0"]
[WhiteElo "1912"]
[BlackElo "1425"]
[PlyCount "99"]
[EventDate "2009.06.29"]

1. e4 e5 2. Nf3 Nc6 3. Bc4 Nf6 4. d3 h6 5. O-O Bc5 6. c3 d6 7. Re1 Bg4 8. Nbd2
O-O 9. Nf1 Re8 10. h3 Bh5 11. Ng3 Bg6 12. Nh4 Bh7 13. Nhf5 Ne7 14. Qb3 d5 15.
Nxe7+ Rxe7 16. exd5 b6 17. Ne4 Bxe4 18. dxe4 Qd7 19. Bb5 Qd6 20. Bc6 Rb8 21.
Qb5 a5 22. a3 Qd8 23. Qe2 Qc8 24. Qf3 Kh7 25. b4 Bd6 26. Bd2 Ng8 27. c4 axb4
28. axb4 f6 29. Rec1 Rf7 30. Qh5 g6 31. Qf3 Bf8 32. Bc3 Bg7 33. Bxe5 Rf8 34.
Bd4 Ne7 35. Ba4 f5 36. Bxg7 Kxg7 37. e5 Qd8 38. Rd1 Nc8 39. c5 bxc5 40. bxc5
Qe7 41. Qc3 Rd8 42. d6 cxd6 43. exd6+ Qf6 44. Qxf6+ Kxf6 45. d7 Ne7 46. c6 Nxc6
47. Bxc6 Rb6 48. Ra8 Ke7 49. Re1+ Kd6 50. Rxd8 1-0

[Event "C.to Italiano U14 femminile"]
[Site "Courmayeur ITA"]
[Date "2009.06.30"]
[Round "2"]
[White "Attanasi, Alessandra"]
[Black "Chiarion, Elisa"]
[Result "0-1"]
[WhiteElo "1464"]
[BlackElo "1912"]
[PlyCount "82"]
[EventDate "2009.06.29"]

1. d4 d5 2. Nf3 c6 3. g3 Bf5 4. Bg2 e6 5. O-O Bd6 6. b3 Nd7 7. Bb2 Ngf6 8. Nbd2
O-O 9. Re1 h6 10. c4 Bh7 11. e3 Re8 12. Rc1 e5 13. dxe5 Nxe5 14. cxd5 Nd3 15.
Bxf6 Qxf6 16. dxc6 Nb2 17. Ne4 Bxe4 18. Qe2 Nd3 19. Kf1 Nxc1 20. Rxc1 Bxc6 21.
Kg1 a6 22. Nd4 Bxg2 23. Kxg2 Qxd4 24. Rd1 Qe4+ 25. Kg1 Rad8 26. a4 Re5 27. Rf1
Bb4 28. Rc1 Rd2 29. Qf1 Qf3 30. Qg2 Qxg2+ 31. Kxg2 Rf5 32. Rf1 Rb2 33. g4 Rf6
34. Kg3 Rxb3 35. Rd1 Rb2 36. f4 Re6 37. Kf3 Rb3 38. Rd7 Rbxe3+ 39. Kf2 Re2+ 40.
Kg3 R6e3+ 41. Kh4 Rxh2# 0-1

[Event "C.to Italiano U14 femminile"]
[Site "Courmayeur ITA"]
[Date "2009.06.30"]
[Round "3"]
[White "Chiarion, Elisa"]
[Black "Movileanu, Daniela"]
[Result "0-1"]
[WhiteElo "1912"]
[BlackElo "1476"]
[PlyCount "148"]
[EventDate "2009.06.29"]

1. e4 e5 2. Nf3 Nc6 3. Bc4 Bc5 4. c3 Nf6 5. d3 d6 6. O-O O-O 7. Re1 Bg4 8. Nbd2
Ne7 9. Nf1 Ng6 10. h3 Be6 11. Bb3 Qe7 12. Ng3 h6 13. Nf5 Qd7 14. N3h4 Nxh4 15.
Nxh4 c6 16. Qf3 Bb6 17. Bxh6 gxh6 18. Qxf6 Kh7 19. Qf3 Bd8 20. Nf5 Bxf5 21.
exf5 Bf6 22. Bc2 d5 23. Re2 Rg8 24. Kh1 Qd6 25. Rg1 Bd8 26. Qh5 Qf6 27. Qf3 Qd6
28. g4 Bg5 29. Qg3 Bf4 30. Qg2 Qf6 31. f3 Qg5 32. Qf2 f6 33. d4 Kh8 34. dxe5
fxe5 35. Rge1 b6 36. a4 Qe7 37. b4 Qd6 38. Rd1 Qe7 39. c4 dxc4 40. Rd4 Qxb4 41.
Rxf4 exf4 42. Qd4+ Rg7 43. f6 Rf7 44. Bg6 Raf8 45. Bxf7 Qb1+ 46. Kg2 Rxf7 47.
Re8+ Kh7 48. Qxc4 Qb2+ 49. Qe2 Qxf6 50. Qe4+ Kg7 51. Re6 Qb2+ 52. Kf1 Qc1+ 53.
Ke2 Qb2+ 54. Kf1 Qc1+ 55. Kf2 Qd2+ 56. Qe2 Qxe2+ 57. Kxe2 c5 58. Kd3 Rd7+ 59.
Ke4 Rd4+ 60. Kf5 Rxa4 61. Re7+ Kf8 62. Rh7 c4 63. Kf6 Ke8 64. Rxh6 c3 65. g5 c2
66. g6 c1=Q 67. Rh8+ Kd7 68. Rh7+ Kc6 69. g7 Qc3+ 70. Kf7 Qc4+ 71. Kf8 Qc5+ 72.
Kf7 Qf5+ 73. Kg8 Rd4 74. Kh8 Qf6 0-1

[Event "C.to Italiano U14 femminile"]
[Site "Courmayeur ITA"]
[Date "2009.07.02"]
[Round "4"]
[White "Balzano, Filli"]
[Black "Nicolini, Giorgia"]
[Result "1-0"]
[WhiteElo "1731"]
[BlackElo "1482"]
[PlyCount "83"]
[EventDate "2009.06.29"]

1. e4 e5 2. Nf3 Nc6 3. d4 d6 4. dxe5 Qe7 5. Bb5 Bd7 6. Nc3 dxe5 7. O-O O-O-O 8.
Nd5 Qd6 9. c4 Nge7 10. Be3 a6 11. Ba4 Nxd5 12. cxd5 Ne7 13. Bxd7+ Rxd7 14. Rc1
Kb8 15. Bc5 Qf6 16. Qd2 b6 17. Bxe7 Bxe7 18. Rc2 Bd6 19. Rfc1 Qd8 20. Qe2 Qc8
21. Rc6 Qb7 22. Qe3 h6 23. Nh4 g6 24. Nf3 Re7 25. Qc3 g5 26. h3 f6 27. Nh2 h5
28. Nf1 Rf8 29. Ne3 Rd7 30. Nf5 Rh8 31. Qc4 h4 32. Nxd6 cxd6 33. Qb4 b5 34.
Rxd6 Rc8 35. Rxc8+ Qxc8 36. Rc6 Qb7 37. Qf8+ Ka7 38. Qxf6 b4 39. Qxg5 a5 40.
Qxe5 a4 41. Qd4+ Kb8 42. Rb6 1-0